Ancient Naukratis (Record no. 8151)
[ view plain ]
| 000 -LEADER | |
|---|---|
| fixed length control field | 01824nam a2200397 a 4500 |
| 001 - CONTROL NUMBER | |
| control field | ebr10022950 |
| 003 - CONTROL NUMBER IDENTIFIER | |
| control field | CaPaEBR |
| 006 - FIXED-LENGTH DATA ELEMENTS--ADDITIONAL MATERIAL CHARACTERISTICS--GENERAL INFORMATION | |
| fixed length control field | m u |
| 007 - PHYSICAL DESCRIPTION FIXED FIELD--GENERAL INFORMATION | |
| fixed length control field | cr cn||||||||| |
| 008 - FIXED-LENGTH DATA ELEMENTS--GENERAL INFORMATION | |
| fixed length control field | 970630m19982001gauab sb 000 0 eng |
| 010 ## - LIBRARY OF CONGRESS CONTROL NUMBER | |
| Canceled/invalid LC control number | 97028045 |
| 020 ## - INTERNATIONAL STANDARD BOOK NUMBER | |
| Cancelled/invalid ISBN | 0788503928 (cloth : v. 1 : alk. paper) |
| Cancelled/invalid ISBN | 0897570251 (cloth : v. 2 : alk. paper) |
| 040 ## - CATALOGING SOURCE | |
| Original cataloging agency | CaPaEBR |
| Transcribing agency | CaPaEBR |
| 035 ## - SYSTEM CONTROL NUMBER | |
| System control number | (OCoLC)70763542 |
| 050 14 - LIBRARY OF CONGRESS CALL NUMBER | |
| Classification number | DS101 |
| Item number | .A45 vol. 54, etc. |
| Classification number | DT73.N3eb |
| 082 04 - DEWEY DECIMAL CLASSIFICATION NUMBER | |
| Classification number | 932 |
| Edition number | 21 |
| 100 1# - MAIN ENTRY--PERSONAL NAME | |
| Personal name | Leonard, Albert. |
| 245 10 - TITLE STATEMENT | |
| Title | Ancient Naukratis |
| Medium | [electronic resource] : |
| Remainder of title | excavations at a Greek emporium in Egypt / |
| Statement of responsibility, etc | by Albert Leonard, Jr. ; with contributions by Andrea Berlin ... [et al.]. |
| 260 ## - PUBLICATION, DISTRIBUTION, ETC. (IMPRINT) | |
| Place of publication, distribution, etc | Atlanta, GA : |
| Name of publisher, distributor, etc | Scholars Press, |
| Date of publication, distribution, etc | 1998-c2001. |
| 300 ## - PHYSICAL DESCRIPTION | |
| Extent | 1 v. in 2 : |
| Other physical details | ill., maps. |
| 490 1# - SERIES STATEMENT | |
| Series statement | Annual of the American Schools of Oriental Research ; |
| Volume number/sequential designation | v. 54-55 |
| Series statement | Ancient Naukratis ; |
| Volume number/sequential designation | . 1 |
| 500 ## - GENERAL NOTE | |
| General note | Vol. 2 issued by: American Schools of Oriental Research. |
| 504 ## - BIBLIOGRAPHY, ETC. NOTE | |
| Bibliography, etc | Includes bibliographical references (v. 1, p. 361-374; v. 2, p. 235-245). |
| 505 0# - FORMATTED CONTENTS NOTE | |
| Formatted contents note | pt. 1. The excavations at Kom Ge�if -- pt. 2. The excavations at Kom Hadid. |
| 533 ## - REPRODUCTION NOTE | |
| Type of reproduction | Electronic reproduction. |
| Place of reproduction | Palo Alto, Calif. : |
| Agency responsible for reproduction | ebrary, |
| Date of reproduction | 2013. |
| Note about reproduction | Available via World Wide Web. |
| -- | Access may be limited to ebrary affiliated libraries. |
| 650 #0 - SUBJECT ADDED ENTRY--TOPICAL TERM | |
| Topical term or geographic name as entry element | Excavations (Archaeology) |
| Geographic subdivision | Egypt |
| -- | Naucratis (Extinct city) |
| 651 #0 - SUBJECT ADDED ENTRY--GEOGRAPHIC NAME | |
| Geographic name | Naucratis (Extinct city) |
| 655 #7 - INDEX TERM--GENRE/FORM | |
| Genre/form data or focus term | Electronic books. |
| Source of term | local |
| 700 1# - ADDED ENTRY--PERSONAL NAME | |
| Personal name | Berlin, Andrea. |
| 710 2# - ADDED ENTRY--CORPORATE NAME | |
| Corporate name or jurisdiction name as entry element | ebrary, Inc. |
| 830 #0 - SERIES ADDED ENTRY--UNIFORM TITLE | |
| Uniform title | Ancient Naukratis ; |
| Volume number/sequential designation | v. 1. |
| Uniform title | Annual of the American Schools of Oriental Research ; |
| Volume number/sequential designation | v. 54-55. |
| 856 40 - ELECTRONIC LOCATION AND ACCESS | |
| Uniform Resource Identifier | <a href="http://site.ebrary.com/lib/rucke/Doc?id=10022950">http://site.ebrary.com/lib/rucke/Doc?id=10022950</a> |
| Public note | An electronic book accessible through the World Wide Web; click to view |
No items available.
